| 000 | 01302nam a22002297a 4500 | ||
|---|---|---|---|
| 999 |
_c62339 _d62339 |
||
| 003 | Ge_BSU | ||
| 005 | 20241008113359.0 | ||
| 008 | 241008s1963 ge ||||| |||| 00| 0 geo d | ||
| 041 | _ageo | ||
| 080 | _a904(479.221.1) : 726:27(479.221.1) მ-19 | ||
| 100 |
_aმაკალათია, სერგი _921602 |
||
| 245 |
_aფრონის ხეობა : _b [ხეობაში არსებული კულტურის ძეგლთა დახასიათება] / _cსერგი მაკალათია; რედ. ირ. არაბული. |
||
| 264 |
_aთბილისი : _bსაბჭ. საქართველო, _c1963. |
||
| 300 |
_a 94 გვ. : _bილ. ; _c 20 სმ. |
||
| 504 | _a ბიბლიოგრ. შენიშვნებში. | ||
| 653 | _aმატერიალური კულტურის ძეგლები საქართველოში | ||
| 653 | _aქართული ეკლესია-მონასტრები | ||
| 700 |
_aარაბული, ირ. _eრედაქტორი _923335 |
||
| 773 | _tნაჩუქარი | ||
| 856 |
_uhttps://dspace.nplg.gov.ge/bitstream/1234/59653/1/Fronis_Xeoba.pdf _yელ. ვერსია |
||
| 942 |
_2udc _cᲬᲘᲒᲜᲘ |
||